2007 USP dictionary of USAN and international drug names (Record no. 145977)
[ view plain ]
| 000 -LEADER | |
|---|---|
| fixed length control field | 01685nam a2200361 a 4500 |
| 245 00 - TITLE STATEMENT | |
| Title | 2007 USP dictionary of USAN and international drug names |
| 260 ## - PUBLICATION, DISTRIBUTION, ETC. (IMPRINT) | |
| Place of publication | Rockville, Md. : |
| Name of publisher | U.S Pharmacopeia, |
| Year of publication | 2007. |
| 300 ## - PHYSICAL DESCRIPTION | |
| Number of Pages | 1,238 p. : |
| Other physical details | ill. |
| 490 0# - SERIES STATEMENT | |
| Series statement | USP dictionary of USAN and international drug names, |
| 500 ## - GENERAL NOTE | |
| General note | "Published in accordance with the directions of the Expert Committee on Nomenclature of the USP Council of Experts, with the cooperation of the United States Adopted Names Council."--t.p. |
| General note | "The authorized list of established names for drugs in the United States of America." . |
| 650 #0 - SUBJECT ADDED ENTRY--TOPICAL TERM | |
| Topical Term | Drugs |
| Topical Term | Drugs |
| Topical Term | Drugs |
| 856 40 - ELECTRONIC LOCATION AND ACCESS | |
| Uniform Resource Identifier | http://site.ebrary.com/lib/rucke/Doc?id=10183328 |
No items available.
